000 00883nam a2200265Ia 4500
003 OSt
005 20220923215518.0
006 a|||||r|||| 00| 0
007 ta
008 220922b |||||||| |||| 00| 0 hin d
024 _a179,411
037 _cTextual
040 _aARTS
_cARTS
_bhin
041 _2hin
_ahin
082 _aO152,1J03x, J6
100 _aब्रज रत्न दास, संपा.
_9160765
245 0 _aमीरॉं - माधुरी
246 _aMīraॉan - mādhurī
250 _aसंस्क0 2
260 _aवाराणसी
_b हिन्दी साहित्य कुटीर
_c1956
300 _a275 पृ.
_ccm.
650 _aहिन्दी साहित्य
_9156264
942 _hO152,1J03x, J6
_cTEXL
_2CC
999 _c332792
_d332792